Método Kucera

محفوظ في:
التفاصيل البيبلوغرافية
المؤلف الرئيسي: Kucera, Enrique
التنسيق: كتاب
اللغة:Undetermined
منشور في: Madrid, España Enrique Kucera 1955
الموضوعات:
الوسوم: إضافة وسم
لا توجد وسوم, كن أول من يضع وسما على هذه التسجيلة!

MARC

LEADER 00000nam a2200000Ia 4500
008 170316s9999 xx 000 0 und d
090 |a 415-F K-1m 
100 |a Kucera, Enrique 
245 |a Método Kucera 
260 |a Madrid, España 
260 |b Enrique Kucera 
260 |c 1955 
300 |a 204 páginas 
650 |a GRAMÁTICA FRANCESA 
999 |c 19212  |d 19212 
040 |a cru BVZT 
942 |c 15 D  |h 415-F K-1m  |2 z